| 000 | 00545nam a2200157 4500 | ||
|---|---|---|---|
| 001 | 144385 | ||
| 003 | ES-MaACL | ||
| 005 | 20230906201015.0 | ||
| 007 | t| | ||
| 008 | 070214s1909 fr r ||||1| fre d | ||
| 100 | 1 |
_aSion, Jules. _9106661 |
|
| 245 | 1 | 4 |
_aLes paysans de la Normandie Orientale _b: Pays de Caux, Bray, Vexin Normand, Vallée de la Seine : étude géographique / _cJules Sion. |
| 260 |
_aParis : _bLibrairie Armand Colin, _c1909 ( _eChartres : _fDurand) |
||
| 300 |
_aVIII, 544 p. : _bil. ; _c26 cm. |
||
| 852 |
_aES-MaACL _jG-5708 |
||
| 999 |
_c144385 _d144385 |
||